5HLuxD.jpg

KING HENRY VIII SENIOR AND PRIMARY SCHOOL LIBRARY OPAC

Blast back! : (Record no. 1973)

000 -LEADER
fixed length control field 01698cam a2200373 i 4500
001 - CONTROL NUMBER
control field 18840437
003 - CONTROL NUMBER IDENTIFIER
control field OSt
005 - DATE AND TIME OF LATEST TRANSACTION
control field 20230222090040.0
008 - FIXED-LENGTH DATA ELEMENTS--GENERAL INFORMATION
fixed length control field 151102s2016 nyuab j b 000 0 eng
010 ## - LIBRARY OF CONGRESS CONTROL NUMBER
LC control number 2015039048
020 ## - INTERNATIONAL STANDARD BOOK NUMBER
International Standard Book Number 9781499801187 (pbk.)
040 ## - CATALOGING SOURCE
Original cataloging agency DLC
Language of cataloging eng
Transcribing agency DLC
Description conventions rda
-- KH8
Modifying agency DLC
042 ## - AUTHENTICATION CODE
Authentication code pcc
043 ## - GEOGRAPHIC AREA CODE
Geographic area code e-gr---
082 00 - DEWEY DECIMAL CLASSIFICATION NUMBER
Classification number 938 OHL
Edition number 23
100 1# - MAIN ENTRY--PERSONAL NAME
Personal name Ohlin, Nancy,
Relator term author.
245 10 - TITLE STATEMENT
Title Blast back! :
Remainder of title ancient Greece /
Statement of responsibility, etc. by Nancy Ohlin ; illustrated by Adam Larkum.
246 30 - VARYING FORM OF TITLE
Title proper/short title Ancient Greece
250 ## - EDITION STATEMENT
Edition statement First edition.
264 #1 - PRODUCTION, PUBLICATION, DISTRIBUTION, MANUFACTURE, AND COPYRIGHT NOTICE
Place of production, publication, distribution, manufacture New York, N.Y. :
Name of producer, publisher, distributor, manufacturer little bee books,
Date of production, publication, distribution, manufacture, or copyright notice [2016]
300 ## - PHYSICAL DESCRIPTION
Extent 112 pages :
Other physical details illustrations, maps ;
Dimensions 19 cm
336 ## - CONTENT TYPE
Content type term text
Source rdacontent
337 ## - MEDIA TYPE
Media type term unmediated
Source rdamedia
338 ## - CARRIER TYPE
Carrier type term volume
Source rdacarrier
504 ## - BIBLIOGRAPHY, ETC. NOTE
Bibliography, etc. note Includes bibliographical references (page 110).
505 0# - FORMATTED CONTENTS NOTE
Formatted contents note A brief history of ancient Greece -- Geography and climate -- City-states -- The birth of democracy -- Slaves -- Gods and goddesses -- Temples and other architecture -- The Olympics -- Everyday life -- Health, medicine, and science -- Poetry and drama -- Philosophy -- The end of a civilization -- How do we know all this? -- The legacy of ancient Greece.
521 0# - TARGET AUDIENCE NOTE
Target audience note Grades 4 to 6.
651 #0 - SUBJECT ADDED ENTRY--GEOGRAPHIC NAME
Geographic name Greece
General subdivision History
Chronological subdivision To 146 B.C.
Form subdivision Juvenile literature.
651 #0 - SUBJECT ADDED ENTRY--GEOGRAPHIC NAME
Geographic name Greece
General subdivision Civilization
Chronological subdivision To 146 B.C.
Form subdivision Juvenile literature.
700 1# - ADDED ENTRY--PERSONAL NAME
Personal name Larkum, Adam,
Relator term illustrator.
906 ## - LOCAL DATA ELEMENT F, LDF (RLIN)
a 7
b cbc
c orignew
d 1
e ecip
f 20
g y-gencatlg
942 ## - ADDED ENTRY ELEMENTS (KOHA)
Source of classification or shelving scheme
Koha item type Books - Non Ficton
Holdings
Withdrawn status Lost status Source of classification or shelving scheme Damaged status Not for loan Collection code Permanent Location Current Location Shelving location Date acquired Total Checkouts Full call number Barcode Date last seen Date last checked out Price effective from Koha item type
          Non-Fiction KH8 Primary School Library KH8 Primary School Library Non Fiction 2023-02-22 1 938 OHL KHPL000003684 2025-12-05 2023-06-12 2023-02-22 Books - Non Ficton

Powered By KH8 IT Dept